Historia oxford del Siglo XX / (Record no. 142930)

MARC details
000 -CABECERA
campo de control de longitud fija 00650nam a2200205 a 4500
005 - FECHA Y HORA DE LA ÚLTIMA TRANSACCIÓN
campo de control 20210223131013.0
008 - ELEMENTOS DE LONGITUD FIJA--INFORMACIÓN GENERAL
campo de control de longitud fija 090601s1999 es r 000 0 spa d
020 ## - NÚMERO INTERNACIONAL NORMALIZADO PARA LIBROS
Número Internacional Estándar del Libro 840803216X
035 ## - NÚMERO DE CONTROL DEL SISTEMA
Número de control de sistema UPN01000170825
049 ## - COLECCIÓN
Colección CG
050 #4 - SIGNATURA TOPOGRÁFICA DE LA BIBLIOTECA DEL CONGRESO
Número de clasificación D421
Número de documento/Ítem H5.7
245 00 - MENCIÓN DE TÍTULO
Título Historia oxford del Siglo XX /
Mención de responsabilidad, etc. ed. Michael Howard ; tr. de Cristina Pagés .
260 ## - PUBLICACIÓN, DISTRIBUCIÓN, ETC.
Lugar de publicación, distribución, etc. Barcelona, Esp. :
Nombre del editor, distribuidor, etc. Planeta,
Fecha de publicación, distribución, etc. 1999.
300 ## - DESCRIPCIÓN FÍSICA
Extensión 719 p. :
Otras características físicas il.
440 #0 - MENCIÓN DE SERIE/ASIENTO SECUNDARIO--TÍTULO
Título Documento
534 ## - NOTA SOBRE LA VERSIÓN ORIGINAL
Frase introductoria Titulo original:
Mención de título del original The oxford history of the twentieth century
650 #4 - ASIENTO SECUNDARIO DE MATERIA - TERMINO TEMATICO
Término de materia o nombre geográfico como elemento de entrada HISTORIA MODERNA -
Subdivisión cronológica SIGLO XX
9 (RLIN) 14204
700 1# - ASIENTO SECUNDARIO--NOMBRE DE PERSONAL
Nombre de persona Howard, Michael Eliot,,
Fechas asociadas al nombre 1922- ,
Término indicativo de función/relación ed.
905 ## - TIPO DE MATERIAL
Tipo de material Libro
Holdings
Estado de retiro Estado de pérdida Fuente del sistema de clasificación o colocación Estado dañado No para préstamo Código de colección Localización permanente Ubicación/localización actual Ubicación en estantería Total de préstamos Clasificación Código de barras Fecha visto por última vez Número de copia Tipo de ítem Koha
    Library of Congress Classification     Colección General Bib. Gregorio Torres Quintero Bib. Gregorio Torres Quintero Planta baja 6 D421 H5.7 263130 31/12/2020 1 Libro